000 00501nam a2200181Ia 4500
005 20250326144519.0
008 250326s9999 xx 000 0 und d
037 _aTextbook
040 _aFMSL
_beng
_cFMSL
041 _aeng
_2eng
084 _aX9W P8
_qFMSL
100 _aCasson M
_9735408
245 0 _aOxford handbook of entrepreneurship
_cCasson M And Others
260 _aNew Delhi
_bNew Delhi, Oxford
_c2006
365 _b1995
942 _cTB
_hX9W P8
999 _c1303998
_d1303998